American History, City Assassinations - Statistics

General Stats
  • This quiz has been taken 185 times
  • The average score is 8 of 14
Answer Stats
Hint Answer % Correct
Dallas, TX 1963 John F Kennedy
98%
Washington DC, 1865 Abraham Lincoln
90%
Memphis, TN 1968 Martin Luther King Jr
90%
Washington DC, 1881 James Garfield
67%
Buffalo, NY 1901 William McKinley
65%
New York, NY 1965 Malcolm X
63%
Los Angeles, CA 1968 Robert Kennedy
62%
Las Vegas, NV 1995 Tupac Shakur
59%
Weehawken, NJ 1804 Alexander Hamilton
52%
San Francisco, CA 1978 Harvey Milk
52%
Baton Rouge, LA 1935 Huey Long
41%
Carthage, IL 1844 Joseph Smith
24%
Oakland, CA 1989 Huey Newton
17%
New York, NY 2019 Jeffrey Epstein
13%
No matching quizzes found
Score Distribution
Percent of People with Each Score
Percentile by Number Answered
Your Score History
You have not taken this quiz